Caterpillar to butterfly / (Record no. 8499)

MARC details
000 -LEADER
fixed length control field 01749cam a2200445 a 4500
001 - CONTROL NUMBER
control field 8499
003 - CONTROL NUMBER IDENTIFIER
control field FISKH
005 - DATE AND TIME OF LATEST TRANSACTION
control field 20250916093530.0
008 - FIXED-LENGTH DATA ELEMENTS--GENERAL INFORMATION
fixed length control field 090122s2009 caua j 001 0 eng
010 ## - LIBRARY OF CONGRESS CONTROL NUMBER
LC control number 2009000390
020 ## - INTERNATIONAL STANDARD BOOK NUMBER
International Standard Book Number 9781595667427
Qualifying information hardcover
020 ## - INTERNATIONAL STANDARD BOOK NUMBER
International Standard Book Number 1595667423
Qualifying information hardcover
020 ## - INTERNATIONAL STANDARD BOOK NUMBER
International Standard Book Number 9781595667090
Qualifying information pbk.
020 ## - INTERNATIONAL STANDARD BOOK NUMBER
International Standard Book Number 9781741834987
020 ## - INTERNATIONAL STANDARD BOOK NUMBER
International Standard Book Number 1595667091
Qualifying information pbk.
035 ## - SYSTEM CONTROL NUMBER
System control number 15594599
035 ## - SYSTEM CONTROL NUMBER
System control number (OCoLC)299381214
037 ## - SOURCE OF ACQUISITION
Stock number 1308796
Source of stock number/acquisition QBI
040 ## - CATALOGING SOURCE
Original cataloging agency DLC
Transcribing agency DLC
Modifying agency TXSCH
-- DLC
Language of cataloging eng
050 00 - LIBRARY OF CONGRESS CALL NUMBER
Classification number QL544.2
Item number .D45 2009
082 00 - DEWEY DECIMAL CLASSIFICATION NUMBER
Classification number 595.78/9156
Edition number 22
100 1# - MAIN ENTRY--PERSONAL NAME
Personal name De la Bédoyère, Camilla.
245 10 - TITLE STATEMENT
Title Caterpillar to butterfly /
Statement of responsibility, etc. Camilla de la Bédoyère.
260 ## - PUBLICATION, DISTRIBUTION, ETC.
Place of publication, distribution, etc. London :
Name of publisher, distributor, etc. QEB,
Date of publication, distribution, etc. 2009.
300 ## - PHYSICAL DESCRIPTION
Extent 24 pages :
Other physical details color illustrations ;
Dimensions 25 cm
490 1# - SERIES STATEMENT
Series statement LifeCycles
500 ## - GENERAL NOTE
General note Includes index.
504 ## - BIBLIOGRAPHY, ETC. NOTE
Bibliography, etc. note Includes bibliographical references and index.
505 0# - FORMATTED CONTENTS NOTE
Formatted contents note What is a butterfly? -- The story of a butterfly -- A new life begins -- The eggs hatch -- Staying alive -- Making a pupa -- A butterfly appears -- Butterfly life -- A long journey.
505 0# - FORMATTED CONTENTS NOTE
Formatted contents note P<br/>
520 8# - SUMMARY, ETC.
Summary, etc. Learn what happens from a caterpillar to a butterfly in this book that is packed with fantastic facts about their life cycle. Amazing photographs show children the processes that butterflies go through on their way to being fully grown.
521 8# - TARGET AUDIENCE NOTE
Target audience note 600<br/>
Source Lexile estimate<br/>
521 8# - TARGET AUDIENCE NOTE
Target audience note P<br/>
Source Raz-Plus<br/>
650 #0 - SUBJECT ADDED ENTRY--TOPICAL TERM
Topical term or geographic name entry element Butterflies
General subdivision Life cycles
Form subdivision Juvenile literature.
650 #1 - SUBJECT ADDED ENTRY--TOPICAL TERM
Topical term or geographic name entry element Butterflies
General subdivision Life cycles.
655 #7 - INDEX TERM--GENRE/FORM
Genre/form data or focus term Literature.
Source of term lcgft
Authority record control number or standard number https://id.loc.gov/authorities/genreForms/gf2014026415
906 ## - LOCAL DATA ELEMENT F, LDF (RLIN)
a 7
b cbc
c orignew
d 1
e ecip
f 20
g y-gencatlg
942 ## - ADDED ENTRY ELEMENTS (KOHA)
Source of classification or shelving scheme Dewey Decimal Classification
Koha item type Books
Suppress in OPAC No
Holdings
Withdrawn status Lost status Source of classification or shelving scheme Damaged status Not for loan Collection Home library Current library Shelving location Date acquired Total Checkouts Full call number Barcode Date last seen Copy number Price effective from Koha item type
    Dewey Decimal Classification     Non-Fiction Footprints International School Library Network Toul Tom Poung Campus Footprints International School Library Network Toul Tom Poung Campus TTP Primary Yellow Bookshelves 09/16/2025   BED 595.78 QL544 .D45 FIS01584 09/16/2025 1 09/16/2025 Books